000
00217nam a2200085Ia 4500
008
180219s9999 xx 000 0 und d
100
_a
Jain Poornima
245
0
_a
Curriculam And Teaching
260
_a
Kanishka Publication New Delhi
260
_c
2012
999
_c
42174
_d
42174